Los profetas sospechosos : sectas de ayer y de hoy /

Este libro es una breve introducción al conocimiento de las sectas y las sociedades secretas. Contenido: gnósticos; cátaros; hesicastas; flasantes; huasitas y amabaptistas; sectas rusas; budismo; sofismo; perviches; La misión de la Luz Divina; Meditación trascendental; Gurdjieff; La Sociedad Teosófi...

Whakaahuatanga katoa

I tiakina i:
Ngā taipitopito rārangi puna kōrero
Kaituhi matua: Carmona, Blas (autor)
Hōputu: Pukapuka
Reo:Pāniora
I whakaputaina: Barcelona, España : Gedisa, 1980, c1980
Rangatū:(Incógnita ; 3)
Ngā marau:
Ngā Tūtohu: Tāpirihia he Tūtohu
Kāore He Tūtohu, Me noho koe te mea tuatahi ki te tūtohu i tēnei pūkete!

MARC

LEADER 00000nam^a2200000^a^4500
001 000026797
005 20250521000000.0
009 20260310084744.837
020 |a 84-7432-110-7 
037 |a Acervo ITESO - Biblioteca 
041 |a ESP 
082 |a 291. 9  |b CAR 
100 |a Carmona, Blas  |e (autor) 
245 1 4 |a Los profetas sospechosos :  |b sectas de ayer y de hoy /  |c B. Carmona. 
264 4 |a Barcelona, España :  |b Gedisa,  |c 1980, c1980 
300 |a 127 p. 
336 |a texto  |b txt  |2 rdacontenido 
337 |a sin mediación  |b n  |2 rdamedio 
338 |a volumen  |b nc  |2 rdasoporte 
440 1 |a (Incógnita ;  |v 3) 
520 |a Este libro es una breve introducción al conocimiento de las sectas y las sociedades secretas. Contenido: gnósticos; cátaros; hesicastas; flasantes; huasitas y amabaptistas; sectas rusas; budismo; sofismo; perviches; La misión de la Luz Divina; Meditación trascendental; Gurdjieff; La Sociedad Teosófica; francmasonería; templarios; rosacruces Amora; alquimistas; jesuitas; sinarquía; Opus Dei; Mormones; Niños de Dios; Testigos de Jehová; Amish; cuáqueros; brujería; vudú; Ku-Klux-Klan, etc. 
649 |a XX 
650 |a Sectas -  |x Historia 
650 |a Sectas Religiosas -  |x Historia 
650 |a Religión 
650 |a Iglesia Católica -  |x Historia 
910 |a Fondo General 
920 |a Impresos - Libros 
930 |a Colección General 
905 |a 101 
901 |a 0267970100  |b IT1  |c ACC  |i 026797  |u 20250521 
902 |a https://opac.biblio.iteso.mx/vufind/Record/000026797